Strategic Management and Economics (Record no. 5127)

MARC details
000 -CABECERA
campo de control de longitud fija 01627nam a22002897a 4500
003 - IDENTIFICADOR DEL NÚMERO DE CONTROL
campo de control OSt
005 - FECHA Y HORA DE LA ÚLTIMA TRANSACCIÓN
campo de control 20251103112043.0
008 - DATOS DE LONGITUD FIJA--INFORMACIÓN GENERAL
campo de control de longitud fija 250910b |||||||| |||| 00| 0 eng d
022 ## - NÚMERO INTERNACIONAL NORMALIZADO PARA PUBLICACIONES SERIADAS
Número Internacional Normalizado para Publicaciones Seriadas 0143-2095
040 ## - FUENTE DE LA CATALOGACIÓN
Centro catalogador/agencia de origen English
Centro/agencia transcriptor tbs
041 ## - CÓDIGO DE LENGUA
Código de lengua del texto/banda sonora o título independiente English
100 ## - ENTRADA PRINCIPAL--NOMBRE DE PERSONA
Nombre de persona Rumelt, Richard P.
9 (RLIN) 26390
245 ## - MENCIÓN DE TÍTULO
Título Strategic Management and Economics
260 ## - PUBLICACIÓN, DISTRIBUCIÓN, ETC.
Nombre del editor, distribuidor, etc. BVIMR Management Edge
Fecha de publicación, distribución, etc. 2011
362 ## - FECHAS DE PUBLICACIÓN Y/O DESIGNACIÓN SECUENCIAL
Fecha de publicación y/o designación secuencial BVIMR Management Edge. 2011, Vol. 4 Issue 2, p115-118. 4p.
520 ## - SUMARIO, ETC.
Sumario, etc. This essay examines the relationship between strategic management and economics. It introduces the special issue on this same topic by providing a guide to the eight papers contained in the special issue, and it offers the guest editors viewpoints on the contributions of each discipline to the other. The essay notes the major contribution from economics has been primarily from the industrial organization literature, with promises of important gains to be made from the `new' economics as it breaks away from the neoclassical theory of the firm. Contributions from strategic management to economics are noted. Areas for further research utilizing the relationship between strategic management and economics are also indicated.
653 ## - TÉRMINO DE INDIZACIÓN--NO CONTROLADO
Término no controlado Strategic Management
653 ## - TÉRMINO DE INDIZACIÓN--NO CONTROLADO
Término no controlado Corporate strategies
653 ## - TÉRMINO DE INDIZACIÓN--NO CONTROLADO
Término no controlado Game theory
653 ## - TÉRMINO DE INDIZACIÓN--NO CONTROLADO
Término no controlado Financial economics
653 ## - TÉRMINO DE INDIZACIÓN--NO CONTROLADO
Término no controlado Transaction costs
653 ## - TÉRMINO DE INDIZACIÓN--NO CONTROLADO
Término no controlado Economies of scale
700 ## - ENTRADA AGREGADA--NOMBRE PERSONAL
Nombre de persona Schendel, Dan
9 (RLIN) 26391
700 ## - ENTRADA AGREGADA--NOMBRE PERSONAL
Nombre de persona Teece, David J.
9 (RLIN) 26392
856 ## - LOCALIZACIÓN Y ACCESO ELECTRÓNICOS
Identificador Uniforme del Recurso <a href="https://bibliotheque.tbs-education.fr/Default/doc/edsjsr/_b64_ZWRzanNyLjI0ODY0MzE%3d/strategic-management-and-economics">https://bibliotheque.tbs-education.fr/Default/doc/edsjsr/_b64_ZWRzanNyLjI0ODY0MzE%3d/strategic-management-and-economics</a>
942 ## - ELEMENTOS DE ENTRADA AGREGADA (KOHA)
Fuente del sistema de clasificación o colocación Clasificación de Library of Congress
Holdings
Estado de retiro Estado de pérdida Fuente del sistema de clasificación o colocación Estado dañado No para préstamo Biblioteca de origen Biblioteca actual Fecha de adquisición Total de préstamos Fecha visto por última vez Identificador Uniforme del Recurso Precio válido a partir de Tipo de ítem Koha
    Clasificación de Library of Congress     TBS Barcelona TBS Barcelona 03/11/2025   03/11/2025 https://bibliotheque.tbs-education.fr/Default/doc/edsjsr/_b64_ZWRzanNyLjI0ODY0MzE%3d/strategic-management-and-economics 03/11/2025 Academic Article

Powered by Koha